| 000 | 00668cam a22002291 4500 | ||
|---|---|---|---|
| 001 | sa 67004989 | ||
| 003 | DLC | ||
| 005 | 20260227112352.0 | ||
| 008 | 770610s1966 ii 000 0 eng | ||
| 010 | _asa 67004989 | ||
| 020 | _a329.9/54 | ||
| 035 | _a(OCoLC)3031291 | ||
| 040 |
_aDLC _cNBuU _dDLC |
||
| 042 | _apremarc | ||
| 050 | 0 | 0 |
_aJQ298.S9 _bM3 |
| 100 | 1 |
_aMasani, Minocheher Rustom, _d1905- |
|
| 245 | 1 | 0 |
_aCongress misrule and the Swatantra alternative, _cby M. R. Masani. Foreword by C. Rajagopalachari. |
| 260 |
_aBombay, _bManaktalas, _c[1966] |
||
| 300 |
_axvi, 196 p. _c22 cm. |
||
| 610 | 2 | 0 | _aSwatantra Party. |
| 610 | 2 | 0 | _aIndian National Congress. |
| 999 |
_c74879 _d74879 |
||